00535nam a2200145Ia 4500008004100000020001800041050002200059100001700081245008800098260005100186300003400237440001800271650004500289650005500334140224s9999 xx 000 0 und d a9780753405086 aQL 763b.W66 2007 aWood, Jenny  aWhy kangaroos have pouches :band other questions about baby animals /cJenny Wood. aLondon :bKingfisher Publications Plc,cc2007. a33 p : bcol. ill. ; c29 cm. aI wonder why. aAnimalsxInfancy -- Juvenile literature. aParental behavior in animalsxJuvenile literature.